[Event "KP 2017-18, Nachod B - Lazne Belohrad"]
[Site "?"]
[Date "2018.01.21"]
[Round "6.4"]
[White "Kykal, Vojtech"]
[Black "Bednar, Jiri"]
[Result "0-1"]
[WhiteElo "1972"]
[BlackElo "1859"]
[PlyCount "74"]
[EventDate "2018.01.21"]

1. d4 d5 2. c4 c6 3. Nc3 Nf6 4. Nf3 e6 5. e3 Bd6 6. Bd3 Nbd7 7. O-O O-O 8. e4
dxe4 9. Nxe4 Nxe4 10. Bxe4 Nf6 11. Bg5 h6 12. Bxf6 Qxf6 13. Bc2 b6 14. Qd3 g6
15. Qe4 Bb7 16. Rad1 Qf4 17. Ne5 Qxe4 18. Bxe4 Rac8 19. Rd3 Kg7 20. Rfd1 Rc7
21. g3 Rd8 22. Kg2 f6 23. f4 Rdc8 24. b3 fxe5 25. dxe5 Be7 26. Rd7 Kf7 27. Kf3
Ba8 28. R1d6 c5 29. Ke3 Bxe4 30. Kxe4 h5 31. h3 Rxd7 32. Rxd7 a5 33. a4 Rd8 34.
Rxd8 Bxd8 35. h4 Kg7 36. Kf3 Kh6 37. Ke4 Be7 0-1

[Event "KP 2017-18, Nachod B - Lazne Belohrad"]
[Site "?"]
[Date "2018.01.21"]
[Round "6.5"]
[White "Vagner, Patrik"]
[Black "Vavra, Vojtech"]
[Result "1-0"]
[WhiteElo "1701"]
[BlackElo "1835"]
[PlyCount "151"]
[EventDate "2018.01.21"]

1. d4 d5 2. c4 e6 3. Nc3 Nf6 4. Bg5 Be7 5. e3 O-O 6. Nf3 Nbd7 7. Rc1 c6 8. Bd3
h6 9. Bh4 dxc4 10. Bxc4 Nd5 11. Bxe7 Qxe7 12. O-O N7f6 13. Ne5 Rd8 14. Qe2 Nd7
15. Nxd7 Bxd7 16. Rfd1 Re8 17. a3 a5 18. Ne4 Rec8 19. Nc5 b6 20. Nxd7 Qxd7 21.
Qf3 b5 22. Bxd5 cxd5 23. Qe2 b4 24. axb4 axb4 25. Qd2 Qa4 26. Rxc8+ Rxc8 27.
Rc1 Rc4 28. h3 b3 29. Rxc4 Qxc4 30. f3 Qc2 31. Qf2 Kf8 32. g3 Ke7 33. Kf1 Qd1+
34. Kg2 Kd6 35. Qf1 Qc2+ 36. Qf2 Kc6 37. Kf1 Qc1+ 38. Kg2 Kb6 39. Qe2 Ka5 40.
Kf2 Qc2 41. Ke1 Qc1+ 42. Kf2 Qc4 43. Qd2+ Kb5 44. Ke1 f6 45. Qe2 e5 46. dxe5
fxe5 47. Qd2 d4 48. exd4 exd4 49. Qe2 Qxe2+ 50. Kxe2 Kc4 51. f4 g6 52. h4 h5
53. Kd2 d3 54. Ke3 d2 55. Kxd2 Kd4 56. Ke2 Ke4 57. Kf2 Kd3 58. g4 Ke4 59. Kg3
Kd5 60. f5 gxf5 61. gxh5 Ke5 62. h6 Kf6 63. Kf4 Kg6 64. h7 Kxh7 65. Kxf5 Kh6
66. Ke4 Kh5 67. Kd4 Kxh4 68. Kc4 Kg5 69. Kxb3 Kf5 70. Kc4 Ke6 71. Kc5 Kd7 72.
Kb6 Kc8 73. b4 Kb8 74. b5 Ka8 75. Kc7 Ka7 76. b6+ 1-0

[Event "KP 2017-18, Nachod B - Lazne Belohrad"]
[Site "?"]
[Date "2018.01.21"]
[Round "6.6"]
[White "Kykal, Zbynek"]
[Black "Burdilak, Milan"]
[Result "1-0"]
[WhiteElo "1764"]
[BlackElo "1671"]
[PlyCount "71"]
[EventDate "2018.01.21"]

1. d4 d5 2. Nf3 Nf6 3. Bf4 Bf5 4. e3 e6 5. Bd3 Bxd3 6. Qxd3 c6 7. O-O Bd6 8.
Bg3 Bxg3 9. hxg3 Nbd7 10. c4 O-O 11. Nc3 Re8 12. Rfd1 e5 13. dxe5 Nxe5 14. Nxe5
Rxe5 15. cxd5 cxd5 16. Qb5 b6 17. Rd4 Rc8 18. Rad1 Rc5 19. Qa6 Ra5 20. Qd3 Qe7
21. b4 Ra3 22. Nxd5 Rxd3 23. Nxe7+ Rxe7 24. R1xd3 h5 25. Kf1 Kh7 26. Ke2 Rc7
27. Kd2 Re7 28. f3 Kg6 29. e4 Re5 30. Rd6 Kh7 31. Ke3 Re7 32. Kf4 Ng8 33. Rd7
Kg6 34. Rxe7 Nxe7 35. Rd7 Nc6 36. Rd6+ 1-0

[Event "KP 2017-18, Nachod B - Lazne Belohrad"]
[Site "?"]
[Date "2018.01.21"]
[Round "6.7"]
[White "Dusbaba, Petr"]
[Black "Lelek, Petr"]
[Result "1/2-1/2"]
[WhiteElo "1800"]
[BlackElo "1825"]
[PlyCount "29"]
[EventDate "2018.01.21"]

1. e4 e6 2. d4 d5 3. Nd2 dxe4 4. Nxe4 Nf6 5. Bd3 Be7 6. Ne2 Nbd7 7. c3 c6 8.
O-O Nxe4 9. Bxe4 Nf6 10. Bc2 b6 11. Bg5 Bb7 12. Bh4 Qc7 13. Bg3 Bd6 14. Bxd6
Qxd6 15. Ng3 1/2-1/2

[Event "KP 2017-18, Nachod B - Lazne Belohrad"]
[Site "?"]
[Date "2018.01.21"]
[Round "6.8"]
[White "Matous, Bedrich"]
[Black "Kansky, Josef"]
[Result "1-0"]
[WhiteElo "1881"]
[BlackElo "1785"]
[PlyCount "111"]
[EventDate "2018.01.21"]

1. d4 Nf6 2. Nf3 d5 3. e3 Bg4 4. c3 c6 5. Qb3 Qb6 6. Nbd2 Nbd7 7. Bd3 Bxf3 8.
Nxf3 Qxb3 9. axb3 g6 10. Nd2 Bg7 11. O-O O-O 12. f4 e6 13. b4 a6 14. b3 b5 15.
e4 dxe4 16. Nxe4 Nd5 17. Bb2 Rfd8 18. Rfc1 N7b6 19. g3 Nxb4 20. cxb4 Bxd4+ 21.
Bxd4 Rxd4 22. Bc2 Nd5 23. Rd1 Rxd1+ 24. Rxd1 Nxb4 25. Rd2 a5 26. Nc5 Nd5 27.
Kf2 Ra7 28. Ke2 Kf8 29. Kd3 h5 30. Kd4 Ke7 31. Re2 Kf6 32. Bd1 Ra8 33. Bc2 Rd8
34. Ne4+ Ke7 35. Kc5 Nb4 36. Kb6 a4 37. bxa4 Nxc2 38. Rxc2 bxa4 39. Nc5 a3 40.
Kxc6 Rb8 41. Ra2 Rb2 42. Rxa3 Rxh2 43. Ne4 Rc2+ 44. Kb5 Rc7 45. Kb6 Rc4 46.
Ra7+ Kf8 47. Ng5 Rb4+ 48. Kc5 Rb3 49. Kd6 Rd3+ 50. Ke5 Rd5+ 51. Ke4 Rf5 52.
Ra8+ Ke7 53. Ra7+ Kf8 54. Nf3 Kg7 55. Nd4 Kf8 56. Nxf5 1-0

[Event "KP 2017-18, Vrchlabi - Hronov"]
[Site "?"]
[Date "2018.01.21"]
[Round "6.1"]
[White "Juptner, Jan"]
[Black "Kowalczyk, Pawel"]
[Result "1/2-1/2"]
[WhiteElo "2243"]
[BlackElo "2387"]
[PlyCount "95"]
[EventDate "2018.01.21"]

1. d4 f5 2. g3 Nf6 3. Bg2 e6 4. c4 d5 5. Nf3 c6 6. b3 Bd6 7. O-O Qe7 8. Bb2 O-O
9. Ne5 Nbd7 10. Nd2 Bxe5 11. dxe5 Ng4 12. Nf3 Rd8 13. Qc1 b6 14. h3 Nh6 15.
cxd5 cxd5 16. Nd4 Bb7 17. Ba3 Nc5 18. Qe3 Nf7 19. Rac1 Rac8 20. Rc3 Qe8 21.
Rfc1 Ne4 22. Rc7 Rxc7 23. Rxc7 Rd7 24. Rc1 g5 25. Bf3 h6 26. Bh5 Qb8 27. f4
gxf4 28. gxf4 Nxe5 29. Kh2 Rg7 30. Rg1 Rxg1 31. Qxg1+ Ng4+ 32. hxg4 Qxf4+ 33.
Kh3 Ng5+ 34. Kh4 fxg4 35. Bxg4 Bc8 36. Bc1 Qf6 37. Bxe6+ Bxe6 38. Bxg5 hxg5+
39. Qxg5+ Kf7 40. Qxf6+ Kxf6 41. Kg3 Ke5 42. e3 Bd7 43. Kf2 Ke4 44. Ke2 a5 45.
a3 Be8 46. Kd2 Bd7 47. Ne2 Ke5 48. b4 1/2-1/2

[Event "KP 2017-18, Vrchlabi - Hronov"]
[Site "?"]
[Date "2018.01.22"]
[Round "6.2"]
[White "Velecky, Viktor"]
[Black "Hala, Bohumil"]
[Result "0-1"]
[WhiteElo "2051"]
[BlackElo "2221"]
[PlyCount "59"]
[EventDate "2018.01.21"]

1. c4 Nf6 2. Nc3 c5 3. e4 Nc6 4. Nf3 g6 5. d4 cxd4 6. Nxd4 d6 7. Be2 Bg7 8. Be3
O-O 9. f3 a6 10. Qd2 Bd7 11. g4 Rb8 12. h4 b5 13. Nxc6 Bxc6 14. h5 Re8 15. hxg6
fxg6 16. Nd5 Bxd5 17. cxd5 e6 18. dxe6 Rxe6 19. g5 Ne8 20. f4 Qe7 21. Qd5 Nc7
22. Qb3 Kf8 23. Bf3 Rxe4 24. Kf2 Nd5 25. Qxd5 Rxe3 26. Rad1 Rc8 27. Rd2 Rc4 28.
f5 Qxg5 29. Qxd6+ Re7 30. Qd8+ 0-1

[Event "KP 2017-18, Vrchlabi - Hronov"]
[Site "?"]
[Date "2018.01.21"]
[Round "6.3"]
[White "Chalupecky, Vladimir"]
[Black "Cap, Jaroslav"]
[Result "0-1"]
[WhiteElo "1941"]
[BlackElo "1769"]
[PlyCount "122"]
[EventDate "2018.01.21"]

1. e4 c5 2. Nf3 d6 3. d4 cxd4 4. Nxd4 Nf6 5. Nc3 a6 6. a4 g6 7. Be2 Bg7 8. Be3
Qc7 9. f3 Nc6 10. Qd2 Ne5 11. a5 Nc4 12. Bxc4 Qxc4 13. Na4 Qc7 14. Nb6 Rb8 15.
O-O O-O 16. c3 e5 17. Nc2 Be6 18. Rfd1 Rfd8 19. Nb4 Bb3 20. Re1 Be6 21. N6d5
Qd7 22. Bg5 Bxd5 23. Nxd5 Qe6 24. Red1 Rbc8 25. Ra4 Rc5 26. c4 Rdc8 27. Bxf6
Bxf6 28. b3 Bd8 29. Nb6 Bxb6 30. axb6 R8c6 31. Qb4 Qc8 32. Ra5 Rxa5 33. Qxa5
Qe6 34. Rd5 Qc8 35. Qb4 Qe6 36. Kf2 h5 37. Ke3 Kg7 38. g3 Qe7 39. Qa5 Qg5+ 40.
f4 exf4+ 41. gxf4 Qg1+ 42. Kd3 Qxh2 43. f5 Qg3+ 44. Kc2 Qf2+ 45. Rd2 Qe3 46.
Qd5 Rxb6 47. Rd3 Qc5 48. fxg6 Qxd5 49. Rxd5 fxg6 50. Kc3 Kf6 51. b4 h4 52. b5
axb5 53. cxb5 g5 54. Kb4 g4 55. Ka5 Rxb5+ 56. Kxb5 g3 57. Rf5+ Kg6 58. Rf8 Kg5
59. Kc4 Kg4 60. Kd3 h3 61. Ke2 h2 0-1

[Event "KP 2017-18, Vrchlabi - Hronov"]
[Site "?"]
[Date "2018.01.21"]
[Round "6.4"]
[White "Szablewski, Krzysztof"]
[Black "Plchot, Miroslav"]
[Result "0-1"]
[WhiteElo "1886"]
[BlackElo "1870"]
[PlyCount "42"]
[EventDate "2018.01.21"]

1. f4 e5 2. fxe5 Nc6 3. Nf3 d6 4. e4 dxe5 5. Bb5 Bc5 6. d3 Nf6 7. Bxc6+ bxc6 8.
Bg5 h6 9. Bh4 Bg4 10. Qe2 Rb8 11. c3 O-O 12. Bf2 Bxf2+ 13. Kxf2 Nh5 14. Rd1 Nf4
15. Qc2 Bxf3 16. Kxf3 f5 17. exf5 Rxf5 18. g4 Qh4 19. gxf5 Qh3+ 20. Ke4 Nd5 21.
Qe2 Re8 0-1

[Event "KP 2017-18, Vrchlabi - Hronov"]
[Site "?"]
[Date "2018.01.21"]
[Round "6.5"]
[White "Tejkal, Lubomir"]
[Black "Franc, Martin"]
[Result "1-0"]
[WhiteElo "2011"]
[BlackElo "1730"]
[PlyCount "89"]
[EventDate "2018.01.21"]

1. e4 c5 2. Nc3 Nc6 3. f4 d6 4. Bb5 Bd7 5. Nf3 e6 6. O-O Be7 7. d3 Nf6 8. Qe1
O-O 9. Bxc6 Bxc6 10. a4 Re8 11. e5 dxe5 12. fxe5 Nd5 13. Ne4 Nb4 14. Rf2 Rf8
15. Bf4 Bxe4 16. Qxe4 Qd5 17. Qxd5 Nxd5 18. Bd2 Rac8 19. c4 Nb4 20. Bxb4 cxb4
21. b3 Rfd8 22. Rd2 f6 23. Re1 Kf7 24. d4 fxe5 25. Nxe5+ Kg8 26. Nf3 Kf7 27.
Rde2 Bf6 28. Rxe6 Rc7 29. d5 b6 30. R1e2 Rdd7 31. g4 h6 32. h4 Re7 33. g5 hxg5
34. hxg5 Bc3 35. Ne5+ Bxe5 36. R2xe5 Rxe6 37. Rxe6 g6 38. Kf2 Rc8 39. Kg3 Rh8
40. Rf6+ Ke7 41. Rxg6 Rh1 42. Re6+ Kf7 43. Kf4 Rf1+ 44. Ke5 Rf3 45. Rf6+ 1-0

[Event "KP 2017-18, Vrchlabi - Hronov"]
[Site "?"]
[Date "2018.01.21"]
[Round "6.6"]
[White "Gorecki, Janusz"]
[Black "Trojan, Ondrej"]
[Result "1/2-1/2"]
[WhiteElo "1829"]
[BlackElo "1861"]
[PlyCount "53"]
[EventDate "2018.01.21"]

1. e4 d5 2. exd5 Qxd5 3. Nf3 Nf6 4. Nc3 Qa5 5. Bc4 Bf5 6. O-O e6 7. Re1 c6 8.
d4 Bb4 9. Re5 Qc7 10. Bg5 Nbd7 11. Re1 O-O 12. Bd3 Bg4 13. h3 Bh5 14. a3 Bd6
15. g4 Bg6 16. Qd2 Bxd3 17. Qxd3 Nd5 18. Nxd5 exd5 19. Be7 Rfe8 20. Bxd6 Qxd6
21. Qf5 Nf8 22. Ng5 Qg6 23. Re3 Rxe3 24. Qxg6 Nxg6 25. fxe3 Re8 26. Kf2 f6 27.
Nf3 1/2-1/2

[Event "KP 2017-18, Vrchlabi - Hronov"]
[Site "?"]
[Date "2018.01.21"]
[Round "6.7"]
[White "Kucera, Daniel"]
[Black "Cibulka, Josef"]
[Result "0-1"]
[WhiteElo "1838"]
[BlackElo "1651"]
[PlyCount "112"]
[EventDate "2018.01.21"]

1. e4 c5 2. Nf3 Nc6 3. d4 cxd4 4. Nxd4 d6 5. c4 Nf6 6. Nc3 g6 7. Be2 Bg7 8. Be3
O-O 9. O-O a6 10. Rc1 Bd7 11. f4 Rc8 12. Kh1 Nxd4 13. Bxd4 Be6 14. b3 Qd7 15.
Na4 Qd8 16. Bb6 Qe8 17. Qd3 Bd7 18. Nc3 Bc6 19. Bd4 Qd8 20. Rcd1 Qc7 21. Qe3
Nd7 22. Bxg7 Kxg7 23. Bg4 Rcd8 24. Bxd7 Rxd7 25. a4 Qa5 26. f5 Rdd8 27. Rf3 Qe5
28. h4 h5 29. Nd5 e6 30. f6+ Kh7 31. Nc3 Rd7 32. Rdf1 d5 33. cxd5 exd5 34. Rf5
d4 35. Qg5 Qe6 36. Re5 Qg4 37. Qxg4 hxg4 38. Nd5 Bxd5 39. Rxd5 Rxd5 40. exd5
Rd8 41. Rf4 Rxd5 42. Kg1 d3 43. Rf1 g3 44. Rd1 Kh6 45. Kf1 Kh5 46. Ke1 d2+ 47.
Ke2 Kxh4 48. Ke3 Kg5 49. Ke4 Rd8 50. Ke5 Re8+ 51. Kd6 Re2 52. Kc7 Rxg2 53. Kxb7
Rf2 54. Kxa6 g2 55. Rg1 d1=Q 56. Rxd1 Rf1 0-1

[Event "KP 2017-18, Vrchlabi - Hronov"]
[Site "?"]
[Date "2018.01.21"]
[Round "6.8"]
[White "Hyhlan, Jaroslav"]
[Black "Blazek, Martin"]
[Result "0-1"]
[WhiteElo "1843"]
[BlackElo "1812"]
[PlyCount "72"]
[EventDate "2018.01.21"]

1. c4 e5 2. Nc3 Nc6 3. g3 f5 4. d3 Bb4 5. Bd2 Nf6 6. Bg2 O-O 7. a3 Bxc3 8. Bxc3
d6 9. Nf3 Qe8 10. Nd2 Bd7 11. b4 Rb8 12. O-O Qh5 13. e3 Qh6 14. f4 Ng4 15. Bd5+
Kh8 16. Qe2 Rbe8 17. e4 exf4 18. Rxf4 Nce5 19. Bxe5 dxe5 20. Rxg4 fxg4 21. c5
c6 22. Bc4 Rf6 23. Rf1 Ref8 24. Rxf6 Qxf6 25. Kg2 h5 26. Nf1 h4 27. Ne3 g5 28.
Nf1 Kg7 29. Nd2 Qh6 30. Qe3 Qf6 31. Qe2 Kg6 32. Qe1 Qe7 33. Qe3 a5 34. bxa5
hxg3 35. hxg3 Qh7 36. Nf1 Qh3+ 0-1